Concise handbook of the Indian economy in the 21st century / (Record no. 104058)

MARC details
000 -LEADER
fixed length control field 00652nam a22001937a 4500
005 - DATE AND TIME OF LATEST TRANSACTION
control field 20161020125546.0
010 ## - LCCN (DPL NO)
LC control number ENG-116227
020 ## - INTERNATIONAL STANDARD BOOK NUMBER
International Standard Book Number 9780199460991
Terms of availability 475.00
035 ## - SYSTEM CONTROL NUMBER
System control number EN-99759
037 ## - SOURCE OF ACQUISITION
Source of stock number/acquisition DBAD/PUB
082 ## - DEWEY DECIMAL CLASSIFICATION NUMBER
Classification number 330.954
245 ## - TITLE STATEMENT
Title Concise handbook of the Indian economy in the 21st century /
Statement of responsibility, etc edited by Ashima Goyal
260 ## - PUBLICATION, DISTRIBUTION, ETC. (IMPRINT)
Place of publication, distribution, etc New Delhi
Name of publisher, distributor, etc Oxford University Press
Date of publication, distribution, etc 2015
270 ## - ADDRESS
Address YMCA Library Building, 1 Jai Singh Road,
City New Delhi
Postal code 110001
300 ## - PHYSICAL DESCRIPTION
Extent ix,209p.
Dimensions 22cm(pbk)
500 ## - GENERAL NOTE
General note Includes bibliographical references and index
700 ## - ADDED ENTRY--PERSONAL NAME
Personal name Goyal,Ashima
942 ## - ADDED ENTRY ELEMENTS (KOHA)
Source of classification or shelving scheme Dewey Decimal Classification
Item type English Books
Call number suffix CON
Classification part 330.954
Holdings
Withdrawn status Lost status Not for loan Collection code Home library Current library Date acquired Source of acquisition Cost, normal purchase price Full call number Barcode Copy number Cost, replacement price Koha item type
      Non-fiction Bawana Bawana 19/10/2016 DBAD/PUB 475.00 330.954 CON EN-99759 1 475.00 English Books

© Delhi Public Library
Hit Counter
free hit counter